Les parrains et marraines de la Star Academy - Statistiques

Statistiques générales
  • Ce quiz a été pris 64 fois
  • Le résultat moyen est 9 sur 21
Statistiques - réponses
Saison Artiste % Correct
Saison 13 (2025-2026) Ed Sheeran
85%
Saison 12 (2024-2025) Clara Luciani
79%
Saison 11 (2023-2024) Vitaa
79%
Saison 13 (2025-2026) Charlotte Cardin
75%
Saison 1 (2001-2002) Florent Pagny
56%
Saison 11 (2023-2024) James Blunt
56%
Saison 4 (2004) Jenifer
54%
Saison 7 (2007-2008) Céline Dion
52%
Saison 5 (2005) Mariah Carey
46%
Saison 4 (2004) Michel Sardou
46%
Saison 8 (2008) Rihanna
46%
Saison 3 (2003) Elton John
40%
Saison 9 (2012-2013) Matt Pokora
35%
Saison 10 (2022) Robbie Williams
35%
Saison 8 (2008) Christophe Mae
27%
Saison 9 (2012-2013) Will.i.am
23%
Saison 2 (2002) Eleves de la saison 1
19%
Saison 9 (2012-2013) Enrique Iglesias
15%
Saison 6 (2006) Lionel Richie
15%
Saison 6 (2006) Yannick Noah
10%
Saison 7 (2007-2008) Kylie Minogue
8%
Aucun quiz correspondant
Distribution des résultats
% des personnes avec chaque résultat
Percentile par nombre de réponses
Votre historique - résultats
Vous n’avez pas pris ce quiz